00810nam a22002172 4500001001100000005001700011008004100028020001700069040001500086100003400101245007900135250001300214260005600227300001500283630008200298650004000380650004500420650006100465650006300526852000300589000001906620151217152144.0100907s xx 000 0 eng d a0814650554 : aKABUcKABU1 aBaumert, Norbert.@000017865910aWoman and man in Paul :bovercoming a misunderstanding /cNorbert Baumert. a1st ed. aCollegeville, Minnesota :bLiturgical Press,c1996. ax, 498 p.00aBible.pN. T.pEpistles of Paul.xCriticism, interpretation, etc.@0000178660 0aSexxBiblical teaching.@0000178661 0aMarriagexBiblical teaching.@0000149439 0aMen (Christian theology)xBiblical teaching.@0000159073 0aWoman (Christian theology)xBiblical teaching.@00001590741